| 000 | 00484nam a2200193Ia 4500 | ||
|---|---|---|---|
| 008 | 231221s9999 xx 000 0 und d | ||
| 020 | _a9790000000000 | ||
| 041 | _aEnglish | ||
| 082 | _a621.381952 MAN;28 | ||
| 100 | _aMano, M Morris. Ciletti, Michael D. | ||
| 245 | 0 | _aDigital design | |
| 250 | _a4th ed. | ||
| 260 |
_c2008 _bPearson Education _aNew Delhi |
||
| 300 | _axv+623 | ||
| 300 | _c50548 | ||
| 500 | _aContent page available | ||
| 650 | _aDigital | ||
| 942 | _cCD | ||
| 999 |
_c208563 _d208563 |
||